000 00317nam a2200133Ia 4500
005 20251222155201.0
008 251222s9999||||xx |||||||||||||| ||spa||
082 _aSOC.42
100 _aCORTEZ EDITOR,Rafael.
245 0 _aSalud equidad y pobreza en el PerĂº
250 _a1ra. ed.
264 _bApesu
942 _cLIB
999 _c39933
_d39933